Pictures by Letter - O - Statistics

General Stats
  • This quiz has been taken 28,783 times
  • The average score is 12 of 16
Answer Stats
Picture Answer % Correct
Origami
96%
Orca
95%
Otter
93%
Opera
90%
Oprah
88%
Oasis
80%
Oman
80%
Oktoberfest
76%
Orchid
74%
Opossum
70%
Opal
67%
Obelisk
65%
Oregon
64%
Okra
61%
Ottoman
55%
Oak
44%
No matching quizzes found
Score Distribution
Percent of People with Each Score
Percentile by Number Answered
Your Score History
You have not taken this quiz